[Event "Chessable Masters by chess24-KO"]
[Site "Online"]
[Date "2020.06.29"]
[Round "2.2"]
[White "Nepomniachtchi, Ian"]
[Black "Giri, Anish"]
[Result "1/2-1/2"]
[WhiteElo "2778"]
[BlackElo "2731"]
[Annotator "TA"]
[PlyCount "80"]
[EventDate "2020.06.20"]
[EventType "k.o."]
[SourceTitle "playchess.com"]
[Source "ChessBase"]
[SourceQuality "1"]

{[%evp 9,80,27,35,16,29,22,20,20,9,2,17,14,26,0,16,20,17,12,44,11,45,47,41,57,56,50,56,44,27,33,48,26,28,25,25,21,45,45,47,48,63,59,56,58,57,60,71,20,48,17,13,14,113,107,118,113,111,118,119,100,104,109,305,264,270,269,249,254,230,145,252,116,116]} 1. e4 e5 2. Nf3 d6 3. d4 exd4 4. Qxd4 Nc6 5. Bb5 Bd7 6. Qd3 {C62: Ruy Lopez: Steinitz Defence.} Nf6 7. Nc3 Be7 8. a3 {The position is equal.} O-O 9. O-O {[#]} a6 $146 ({Predecessor:} 9... Ne5 10. Nxe5 dxe5 11. Rd1 c6 12. Bc4 Qc7 13. Bg5 Rad8 14. Qe2 Rfe8 15. h3 h6 {1-0 (44) Chirinos Rodriguez,J (1536)-Dos Reis Cabrera,J (1251) Tenerife 2018}) 10. Bc4 Ng4 11. Ba2 Nge5 12. Nxe5 Nxe5 13. Qe2 Bf6 14. Nd5 Bb5 15. c4 Bc6 16. Be3 Re8 17. Rac1 Nd7 18. Nxf6+ Qxf6 19. f3 a5 20. b3 b6 21. Qf2 Nc5 22. Rfd1 Qg6 23. b4 axb4 24. axb4 Nd7 25. c5 dxc5 26. bxc5 b5 27. Bf4 Ne5 {With the idea ...Nxf3+!} 28. Bd5 (28. Bg3 $16) 28... h6 $11 29. Qg3 Qxg3 30. Bxg3 Ra6 (30... Bxd5 $11 {keeps the balance.} 31. exd5 f6) 31. Rb1 $16 g5 32. Bxc6 Rxc6 33. Rxb5 Kg7 34. Rd5 Ng6 35. Rb7 $36 {[%mdl 2048] Keeping Black busy.} Ne7 $2 (35... Rc8 $16 36. h3 Nf4) 36. Rd7 Rxc5 37. Bxc7 ({Don't take} 37. Rdxc7 $6 Rxc7 38. Rxc7 (38. Bxc7 Ng6 $16) 38... Ng6 $16) 37... Rc1+ 38. Kf2 {[#] Black must now prevent Be5+.} Rc2+ 39. Kf1 {And now Be5+ would win.} Kg6 (39... Nc6 $16) 40. Rd6+ (40. Bg3 $18) 40... Kg7 {Accuracy: White = 75%, Black = 74%.} 1/2-1/2

[Event "Chessable Masters by chess24-KO"]
[Site "Online"]
[Date "2020.06.29"]
[Round "2.2"]
[White "Nepomniachtchi, Ian"]
[Black "Giri, Anish"]
[Result "1-0"]
[WhiteElo "2778"]
[BlackElo "2731"]
[Annotator "TA"]
[PlyCount "77"]
[EventDate "2020.06.20"]
[EventType "k.o."]
[SourceTitle "playchess.com"]
[Source "ChessBase"]
[SourceQuality "1"]

{[%evp 12,77,20,15,13,1,15,12,22,13,24,22,22,3,5,5,79,37,68,73,83,85,87,83,95,66,64,66,97,80,93,69,158,106,107,107,140,137,158,171,269,226,236,228,362,361,397,391,397,397,429,409,595,565,566,656,649,655,670,651,643,639,612,610,4903,2901,1330,1012]} 1. Nf3 d5 2. e3 Nf6 3. c4 e6 4. b3 c5 5. Bb2 Nc6 6. cxd5 exd5 7. Be2 d4 {A13: English Opening: 1...e6.} 8. exd4 Nxd4 9. O-O Be7 {The position is equal.} 10. Nxd4 cxd4 11. Bf3 O-O {[#]} 12. Re1 $146 ({Predecessor:} 12. Na3 a6 13. Nc4 Rb8 14. Rc1 Re8 15. Re1 Be6 16. g3 Bc5 17. Bg2 h6 18. h3 Nd7 19. Kh2 b5 20. Ne5 Nxe5 21. Rxe5 Be7 22. Rc6 Rb6 23. Qc1 {½-½ (23) Andersen,J (2211)-Zubov,Y (2353) ICCF email 2017}) 12... Rb8 13. Na3 b5 (13... a6 $11) 14. Qe2 (14. Nxb5 $5 Rxb5 15. Qe2 $16 {[%mdl 64] Double Attack}) 14... Re8 {[#] Threatens to win with ...Bxa3.} 15. Qd3 Bxa3 16. Bxa3 Bb7 17. Rxe8+ Qxe8 18. Bc5 ({Reject} 18. Qxd4 $6 Bxf3 19. gxf3 Rd8 $11) 18... Bxf3 19. Qxf3 Qe5 {[#] Hoping for ...Re8.} 20. Bxa7 Re8 {( -> ...Qe1+!)} 21. h3 (21. Rf1 {seems wilder.} Qd6 22. h3 h5 23. Qb7 Re7 24. Qc8+) 21... h6 (21... d3 $1 $14 22. Rf1 Qe2) 22. Rc1 (22. Qd3 $142) 22... Qd6 $16 23. Bc5 Qd7 24. Qd3 Ne4 25. Bb6 Qd6 (25... Qe6 $142) 26. Qxd4 ({Don't play} 26. Bxd4 $6 Nf6 $16) 26... Qxd4 27. Bxd4 Nxd2 $18 {[%mdl 4096] Endgame KRB-KRN} (27... Ra8 $142 28. Rc2 Kf8) 28. f3 Re2 29. Bc3 Kh7 30. Rd1 Nxf3+ 31. gxf3 {KRB-KR} Re3 (31... Rc2 $142 32. Be5 Rxa2) 32. Be1 {White is clearly winning.} Rxf3 33. Rd5 Re3 34. Kf1 Rf3+ 35. Bf2 b4 36. Rd4 Rxh3 37. Rxb4 g5 38. a4 Rh1+ 39. Bg1 {Accuracy: White = 88%, Black = 55%.} 1-0

[Event "Chessable Masters by chess24-KO"]
[Site "Online"]
[Date "2020.06.29"]
[Round "2.2"]
[White "Giri, Anish"]
[Black "Nepomniachtchi, Ian"]
[Result "1/2-1/2"]
[WhiteElo "2731"]
[BlackElo "2778"]
[Annotator "TA"]
[PlyCount "149"]
[EventDate "2020.06.20"]
[EventType "k.o."]
[SourceTitle "playchess.com"]
[Source "ChessBase"]
[SourceQuality "1"]

{[%evp 19,149,7,35,12,6,0,16,36,36,21,14,4,20,10,14,17,47,56,75,65,102,82,104,79,92,79,88,88,93,12,18,10,8,15,17,17,18,18,29,29,24,22,23,8,42,20,35,35,35,35,35,35,35,35,35,35,47,47,47,47,71,47,47,30,30,30,31,31,31,12,12,0,5,0,12,12,12,0,0,0,12,12,12,12,12,0,12,12,12,12,12,5,12,12,12,12,12,12,12,12,12,12,12,12,12,12,12,0,12,12,12,12,12,12,12,12,12,12,12,0,12,12,12,12,12,12,12,12,12,0,0,0]} 1. d4 Nf6 2. c4 e6 3. Nf3 d5 4. Nc3 c5 5. cxd5 Nxd5 6. e4 Nxc3 7. bxc3 cxd4 8. cxd4 Bb4+ 9. Bd2 Bxd2+ 10. Qxd2 O-O 11. Rd1 {D41: Queen's Gambit Declined: Semi-Tarrasch with 5 cxd5.} b6 12. Bd3 Bb7 13. O-O Nd7 14. Qe3 Rc8 15. e5 h6 {[#]} 16. Nd2 $146 ({Predecessor:} 16. Rfe1 Bd5 17. Nd2 Qg5 18. Ne4 Qxe3 19. Rxe3 Bxe4 20. Bxe4 Rfd8 21. f4 Nc5 22. Bf3 {½-½ (40) Jakovenko,D (2736)-Zvjaginsev,V (2642) Vladivostok 2014}) 16... Qg5 $1 {[%csl Gb7][%cal Rg5g2] [#]} 17. Qh3 Qf4 18. Nc4 $1 Rc7 19. Nd6 Bd5 20. Qe3 Qg5 21. Qxg5 hxg5 22. Rc1 Rxc1 23. Rxc1 Bxa2 24. Ra1 (24. Bb5 $16 Nb8 25. Rc7) 24... Bd5 $11 25. Rxa7 Nb8 $1 26. Bb5 {[#] aiming for Rc7.} Nc6 27. Bxc6 Bxc6 {[%mdl 4096] Endgame KRB-KRN} 28. Rc7 Bd5 29. f3 f6 30. exf6 Rxf6 31. Nc8 b5 32. Rc5 Bc4 33. Nd6 g4 34. Nxc4 bxc4 35. fxg4 $14 {Strongly threatening h3. KR-KR} Rf4 36. Rxc4 {And now h3 would win.} Rxg4 37. Kf2 Kf7 38. g3 Re4 $1 39. Kf3 Re1 40. Rc2 Rd1 41. Ke3 g5 42. Rd2 Rh1 43. Kf3 Kg6 $1 44. Re2 Kf5 $1 {The position is equal.} 45. Re5+ Kf6 46. Re2 Kf5 47. g4+ Kf6 48. Ke3 Rg1 49. Rf2+ Kg6 50. h3 Re1+ 51. Kd3 Rd1+ 52. Ke3 Re1+ 53. Kd2 Ra1 54. Rf3 Ra5 55. Re3 Kf6 56. Kd3 Ra1 57. Ke4 Rh1 58. Rf3+ Ke7 59. Ra3 Kf6 60. Re3 Rh2 61. Rf3+ Ke7 62. Ra3 Kf6 63. Rf3+ Ke7 64. d5 Ra2 65. Rb3 Re2+ 66. Kf3 Rd2 67. dxe6 Kxe6 68. Ke4 Re2+ 69. Kf3 Rh2 (69... Rd2 {looks sharper.}) 70. Kg3 Ra2 71. Rf3 Ra1 72. Kg2 Ra2+ 73. Rf2 Ra5 74. h4 Ra4 $1 75. hxg5 {Accuracy: White = 97%, Black = 95%.} 1/2-1/2

[Event "Chessable Masters by chess24-KO"]
[Site "Online"]
[Date "2020.07.01"]
[Round "2.3"]
[White "Nepomniachtchi, Ian"]
[Black "Giri, Anish"]
[Result "1/2-1/2"]
[WhiteElo "2778"]
[BlackElo "2731"]
[Annotator "TA"]
[PlyCount "103"]
[EventDate "2020.06.20"]
[EventType "k.o."]
[SourceTitle "playchess.com"]
[Source "ChessBase"]
[SourceQuality "1"]

{[%evp 11,103,0,29,27,18,11,3,0,0,0,0,5,33,37,36,32,19,-1,18,11,9,-4,0,0,17,3,3,3,3,3,3,3,2,6,6,0,25,25,25,25,25,25,41,35,43,39,64,68,75,13,42,8,2,0,29,8,24,27,18,9,26,0,22,9,10,8,3,0,0,0,0,0,0,0,0,0,0,0,0,-3,-3,-8,0,0,0,0,0,0,0,0,0,0,0,0]} 1. Nf3 Nf6 2. c4 c5 3. Nc3 Nc6 4. d4 cxd4 5. Nxd4 e6 6. a3 Bc5 $1 {[%mdl 4] outshines the older 6...Be7.} 7. Nb3 {A33: Symmetrical English: 2 Nf3 Nf6 3 d4 cxd4 4 Nxd4 e6 5 Nc3 Nc6.} Bb6 8. c5 Bc7 9. g3 b6 10. Bg2 O-O 11. O-O bxc5 12. Nxc5 Qe7 13. b4 a5 14. Rb1 axb4 15. axb4 d5 {[#]} 16. Nd3 $146 ({Predecessor:} 16. N3a4 Bd6 17. Bd2 Rb8 18. Qc2 e5 19. Qa2 Bf5 20. Rb2 e4 21. Na6 Rb7 22. N4c5 {0-1 (35) Laurusas,T (2440)-Zhigalko,A (2584) Bilbao 2014}) 16... Ne5 17. Be3 Nc4 18. Bc5 Bd6 19. e4 dxe4 20. Nxe4 Nxe4 21. Bxe4 Bb7 22. Bxb7 Qxb7 23. Rc1 $36 {[%mdl 2048] White is more active.} Bxc5 (23... Qd5 {seems wilder.} 24. Nf4 Qxd1 25. Rfxd1 Bxc5 26. bxc5 Ne5) 24. Nxc5 Qd5 25. Qxd5 exd5 26. Rfd1 Nb6 27. Nd3 Rfc8 28. Rc5 g5 29. Rb5 Rc6 30. Re1 (30. Ne5 $16 Re6 31. Nf3) 30... Rd6 31. Re7 Kf8 32. Rc7 (32. Re5 {is more complex.} h6 33. Rf5 Kg7 34. h4 Ra3 35. Ne5) 32... Re8 33. Ra7 Kg7 34. Ra6 Ree6 35. Kg2 h6 36. Ra7 Rf6 {The position is equal.} 37. Rc5 Rde6 38. Ra2 Re4 39. Rc7 Rd4 40. Ne5 Re4 41. Nd3 Rd4 42. Ne5 Re4 43. Nc6 Rc4 44. b5 Rc5 45. Re2 Rxb5 {[#] Threatens to win with ...Rc5.} 46. Nd4 Rb4 47. Ne6+ $1 Kg8 48. Nd8 Re4 49. Rxe4 dxe4 50. Re7 Kf8 51. Rxe4 Rd6 52. Nb7 {Accuracy: White = 90%, Black = 92%.} 1/2-1/2

[Event "Chessable Masters by chess24-A"]
[Site "Online"]
[Date "2020.06.18"]
[Round "2.3"]
[White "Artemiev, Vladislav"]
[Black "Dubov, Daniil"]
[Result "1-0"]
[WhiteElo "2769"]
[BlackElo "2770"]
[Annotator "TA"]
[PlyCount "59"]
[EventDate "2020.06.20"]
[EventType "tourn"]
[SourceTitle "playchess.com"]
[Source "ChessBase"]
[SourceQuality "1"]

{[%evp 9,59,14,14,5,16,16,13,15,16,15,19,16,14,11,7,9,21,17,45,50,56,60,52,40,50,41,74,33,45,28,15,13,74,86,63,-19,7,0,0,-6,0,0,6,0,6,-73,439,445,414,427,848,837]} 1. Nf3 d5 2. d4 Nf6 3. c4 e6 4. e3 a6 5. b3 c5 6. Bd3 {D30: Queen's Gambit Declined: Systems without Nc3.} Nc6 7. Bb2 cxd4 8. exd4 {The position is equal.} Qa5+ 9. Nbd2 Ba3 {[#]} 10. Qc1 $146 ({Predecessor:} 10. Bxa3 Qxa3 11. O-O O-O 12. c5 b6 13. Qc1 Qxc1 14. Raxc1 bxc5 15. Rxc5 Bb7 16. Rfc1 {½-½ (31) Almeida Saenz,A (2426)-Gonzalez Garcia,J (2541) Merida 2007}) 10... Bxb2 11. Qxb2 dxc4 12. bxc4 O-O 13. O-O Rb8 14. Ne4 Nxe4 15. Bxe4 Bd7 16. d5 exd5 17. cxd5 Ne7 18. Ne5 Rfd8 19. Rfd1 Ng6 20. Nc4 Qc7 (20... Qc5 $1 $11 21. Rac1 b5) 21. Rac1 $16 Qf4 22. Qd4 ({White should play} 22. Bxg6 $14 hxg6 23. Nb6) 22... f5 (22... Re8 {with more complications.} 23. f3 f5 24. g3 Qh6 25. Bd3 b5) 23. Bf3 Qxd4 24. Rxd4 b5 25. Na5 $36 {[%mdl 2048] White fights for an advantage.} Ne5 26. d6 {Rc7 is the strong threat.} Rbc8 27. Rc7 {[#]} (27. Bd5+ $11 Kf8 28. Rdd1) 27... Be6 $2 {[%mdl 8192]} (27... Rxc7 $1 $17 {stays on course.} 28. dxc7 Rc8) 28. Bd5 $18 Bxd5 29. Rxd5 Nf7 (29... Nd7 $142 30. Nc6 (30. Rxf5 Rxc7 31. dxc7 Rc8 $11) 30... Kf7) 30. Nc6 {Accuracy: White = 74%, Black = 59%.} 1-0

[Event "Chessable Masters by chess24-KO"]
[Site "Online"]
[Date "2020.07.01"]
[Round "2.3"]
[White "Giri, Anish"]
[Black "Nepomniachtchi, Ian"]
[Result "1-0"]
[WhiteElo "2731"]
[BlackElo "2778"]
[Annotator "TA"]
[PlyCount "107"]
[EventDate "2020.06.20"]
[EventType "k.o."]
[SourceTitle "playchess.com"]
[Source "ChessBase"]
[SourceQuality "1"]

{[%evp 9,107,12,29,11,6,10,25,0,20,27,12,8,13,13,37,38,34,30,35,0,46,45,44,20,18,18,20,0,35,29,27,12,21,14,22,22,22,22,23,22,23,19,72,50,36,58,58,6,6,2,4,2,2,2,2,2,4,4,20,26,33,0,110,109,241,245,244,237,237,237,226,221,233,80,296,279,293,292,279,278,215,208,431,414,1270,1101,1038,858,922,2047,1952,2006,1862,1851,1422,1152,1858,1169,29950,12761]} 1. Nf3 Nf6 2. d4 d5 3. Bf4 c5 4. e3 cxd4 5. exd4 Qb6 6. Nbd2 {B13: Caro-Kann: Exchange Variation and Panov-Botvinnik Attack.} Nc6 7. Nb3 Bg4 8. a4 {[#] White has an edge.} Bxf3 $146 ({Predecessor:} 8... a6 9. a5 Qa7 10. c3 e6 11. Be2 Nh5 12. Be3 Qb8 13. h3 Bxf3 14. Bxf3 Nf6 {1-0 (66) Carlsen,M (2872)-Aronian,L (2775) London 2019}) 9. Qxf3 e6 10. Qd1 a6 11. c3 Ne4 12. a5 Qd8 13. Bd3 Bd6 14. Qf3 (14. Bxd6 {keeps more tension.} Nxd6 15. Nc5 O-O 16. b4 Qg5 17. O-O) 14... Bxf4 15. Qxf4 Nf6 16. O-O O-O 17. Rfe1 Re8 18. Re2 Rb8 19. h3 Nd7 20. Qd6 Qe7 21. Qxe7 Nxe7 22. f4 h5 23. g4 hxg4 24. hxg4 g6 25. Rae1 {And now f5! would win.} Nf6 (25... Kf8 $11 {keeps the balance.}) 26. f5 gxf5 27. gxf5 Nxf5 28. Rf1 {[#]} (28. Nc5 $14) 28... Ne4 $1 $11 {[%mdl 512]} 29. Bxe4 dxe4 30. Nc5 Kf8 $1 31. Nxe4 Ke7 32. Kf2 Rh8 33. Ke1 Rbg8 {[#]} 34. d5 $1 {[%mdl 512]} Rh6 (34... exd5 35. Ng3+) 35. Rf4 Rh1+ (35... Rd8 $11 {remains equal.} 36. dxe6 fxe6) 36. Kd2 $16 {Strongly threatening Rxf5!} Rd8 {[#]} (36... Rh6 $16 {was necessary.}) 37. Rxf5 $1 $18 {[%mdl 512]} exf5 {[%mdl 4096] Endgame KRR-KRN} 38. Nf2+ Kf6 39. Nxh1 {aiming for c4.} Rxd5+ {KRN-KR} 40. Ke3 Rxa5 41. Nf2 $2 (41. Rh2 $18 {has better winning chances.}) 41... Ra4 $2 (41... Re5+ $16 42. Kd2 Ke6) 42. b4 a5 43. Nd3 axb4 44. cxb4 Ra6 45. Nc5 Rd6 $2 (45... Rc6 {is a better defense.} 46. Ra2 Kg5 47. Rg2+ (47. Nxb7 Rb6 $16) 47... Kf6) 46. Rd2 f4+ (46... Rc6 $142 47. Nxb7 Ke5) 47. Kxf4 Rc6 48. Ke4 b6 49. Kd5 Rc7 50. Rf2+ Ke7 51. Re2+ Kd8 52. Ne4 Re7 53. Rf2 Kc7 54. Nd6 {Accuracy: White = 85%, Black = 59%.} 1-0

[Event "Chessable Masters by chess24-KO"]
[Site "Online"]
[Date "2020.07.01"]
[Round "2.3"]
[White "Giri, Anish"]
[Black "Nepomniachtchi, Ian"]
[Result "1/2-1/2"]
[WhiteElo "2731"]
[BlackElo "2778"]
[Annotator "TA"]
[PlyCount "87"]
[EventDate "2020.06.20"]
[EventType "k.o."]
[SourceTitle "playchess.com"]
[Source "ChessBase"]
[SourceQuality "1"]

{[%evp 15,87,16,10,12,18,7,24,17,26,13,11,0,11,0,0,0,25,23,8,19,17,5,20,0,10,0,21,19,10,0,0,0,12,0,0,0,0,0,0,0,0,0,0,-25,-25,-18,-25,-60,0,0,0,0,0,0,0,0,14,14,0,0,0,0,0,0,0,0,0,0,0,0,0,0,0,0]} 1. d4 Nf6 2. Nf3 e6 3. Bf4 c5 4. e3 Be7 5. dxc5 Bxc5 6. Nbd2 d5 7. Bd3 Nc6 8. O-O O-O 9. c4 {D02: 1 d4 d5 2 Nf3 sidelines, including 2...Nf6 3 g3 and 2...Nf6 3 Bf4.} b6 10. Qe2 Bb7 {[#]} 11. Rad1 $146 {White has an edge.} ({Predecessor:} 11. a3 Re8 12. cxd5 Nxd5 13. Bg3 h6 14. Rac1 Bd6 15. Bxd6 Qxd6 16. Nc4 Qe7 17. b4 {1-0 (32) Turba,V (1620)-Laux,D (1923) Playchess.com INT 2020}) 11... h6 12. cxd5 Nxd5 13. Bg3 Bd6 14. Nc4 Bxg3 15. hxg3 b5 16. Ncd2 a6 17. e4 Nde7 18. Qe3 Qc7 19. Bb1 Rad8 20. Nb3 Na5 21. Nxa5 Qxa5 22. Ne5 {[#] Strongly threatening Qc5.} Qc7 23. Nd3 Nc6 24. Nc5 Ne5 {aiming for ...Nc4.} 25. b4 Nd7 26. Nb3 Nb6 27. Qc5 Rc8 28. Qxc7 Rxc7 29. Nc5 Na4 30. Nxa4 bxa4 31. Rd6 Rfc8 ({Better is} 31... Bc6 $15) 32. Bd3 $11 {The position is equal.} Rc6 33. Rxc6 Rxc6 {[%mdl 4096] Endgame KRB-KRB} 34. Rd1 Kf8 35. f3 Rb6 36. a3 Rc6 37. Be2 Ke7 38. b5 Rb6 39. bxa6 Bxa6 40. Bxa6 Rxa6 41. Rd4 h5 42. Kh2 Kf6 43. Rb4 g5 44. Kh3 {Accuracy: White = 93%, Black = 96%.} 1/2-1/2

[Event "Chessable Masters by chess24-A"]
[Site "Online"]
[Date "2020.06.20"]
[Round "4.1"]
[White "Nakamura, Hikaru"]
[Black "Harikrishna, Pentala"]
[Result "1/2-1/2"]
[WhiteElo "2829"]
[BlackElo "2690"]
[Annotator "TA"]
[PlyCount "73"]
[EventDate "2020.06.20"]
[EventType "tourn"]
[SourceTitle "playchess.com"]
[Source "ChessBase"]
[SourceQuality "1"]

{[%evp 17,73,12,21,0,21,0,0,0,19,18,12,4,16,0,37,41,39,41,74,73,73,82,81,63,64,66,66,46,47,22,32,-14,-18,-61,-38,-45,-40,-47,-50,-43,-50,-101,-97,-88,0,0,0,0,29995,29987,29993,-29999,29992,-29999,29994,-29999,29989,6255]} 1. e4 c5 2. Nf3 e6 3. g3 Nc6 4. Bg2 Nf6 5. d3 d6 6. O-O Be7 7. Re1 O-O 8. c3 Bd7 9. Nbd2 Qc7 10. a3 {B30: Sicilian: 2...Nc6 3 Bb5, lines without ...g6.} Ne5 11. Nxe5 dxe5 12. a4 {The position is equal.} Bc6 13. Nc4 {[#]} Rad8 $146 ({Predecessor:} 13... Nd7 14. f4 exf4 15. Bxf4 e5 16. Bd2 Rfd8 17. Qf3 Nb6 18. Ne3 Bxa4 19. Nd5 Nxd5 20. exd5 {½-½ (42) Sindler,M (2119)-Svanda,O (2257) Prague 2020}) 14. f4 Nd7 15. fxe5 Nxe5 16. Bf4 $1 $36 {[%mdl 2048] White is pushing.} f6 17. Bh3 Bd6 18. Bxe6+ Kh8 {With the idea ...Nxc4.} 19. Bxe5 Bxe5 20. Qe2 Qe7 21. Bh3 Bc7 22. b3 g6 23. Rad1 f5 24. Bg2 {Threatens to win with exf5.} f4 25. Rf1 fxg3 26. e5 $1 gxh2+ 27. Kh1 $1 Bxg2+ 28. Qxg2 Rxf1+ ({But not} 28... Bxe5 $2 29. Rde1 $18) 29. Rxf1 (29. Qxf1 $15 b5 30. axb5) 29... Rxd3 $17 30. Qxb7 {[#]} Rg3 ({Better is} 30... Qd8 $1 $17 31. Qe4 Rg3) 31. Qxa7 $11 Rg1+ (31... Qd8 $5 32. Qb7 $8 Rg1+ {[%mdl 64] Decoy} 33. Rxg1 hxg1=N 34. Kxg1 Qd1+ 35. Kf2 Bd8 $14) 32. Rxg1 Qg5 $2 {[%mdl 8192]} ({Much worse is} 32... hxg1=B 33. Kxg1 Qg5+ 34. Kf2 $14) (32... hxg1=Q+ $11 33. Kxg1 Qg5+ 34. Kf2 Qf5+ 35. Ke3 Qg5+ 36. Ke2 Qg2+ 37. Kd3 Qf1+ 38. Kc2 Qf5+ 39. Kb2 Qf2+ 40. Ka3 Qg1) 33. Qa8+ Kg7 34. a5 $4 {[%mdl 8192]} (34. Rxg5 Kh6 35. Rg2 Kg7 36. Qe8 Bxe5 37. Nxe5 c4 38. Qf7+ {[%mdl 64] Double Attack} Kh6 {[#]} 39. Rxg6+ $1 {[%mdl 512]} hxg6 40. Qxg6#) 34... Kh6 $4 {[%mdl 8192]} (34... hxg1=Q# {and all is fine.}) 35. a6 $4 {[%mdl 8192]} (35. Rxg5 Kxg5 36. a6 Bxe5 37. Nxe5 Kf4 38. Qf3+ Kxe5 39. a7 h5 40. a8=Q Kd6 41. Qac6+ Ke7 42. Qff6#) 35... Qg4 $4 {[%mdl 8192]} (35... hxg1=Q#) 36. Qf3 $4 {[%mdl 8192]} (36. Rxg4 {avoids the disaster.} Kg7 37. Rf4 Bd6 38. Nxd6 g5 39. Qf8+ Kg6 40. Qf7+ Kh6 41. Rf6#) 36... Qe6 $4 {[%mdl 8192]} (36... Qxg1#) 37. Qe3+ {[%mdl 32768] Accuracy: White = 85%, Black = 79%. . An unexpected result.} (37. Rg2 $142 Bxe5 38. Qe3+ Kg7 39. Qxe5+ Qxe5 40. Nxe5 Kf6 41. Nc4 h5 42. a7) 1/2-1/2

[Event "Chessable Masters by chess24-A"]
[Site "Online"]
[Date "2020.06.19"]
[Round "4.2"]
[White "Carlsen, Magnus"]
[Black "Dubov, Daniil"]
[Result "0-1"]
[WhiteElo "2881"]
[BlackElo "2770"]
[Annotator "TA"]
[PlyCount "92"]
[EventDate "2020.06.20"]
[EventType "tourn"]
[SourceTitle "playchess.com"]
[Source "ChessBase"]
[SourceQuality "1"]

{[%evp 14,92,18,7,24,18,18,18,21,23,16,15,23,17,17,12,23,-65,-69,-81,-82,-72,-31,-56,0,0,17,17,31,18,28,35,73,50,55,0,0,0,0,0,0,0,0,-185,-179,-284,-281,-268,-150,-139,-124,-123,-119,-119,-121,-118,-118,-116,-75,-186,-189,-191,-185,-156,-133,-202,-176,-329,-314,-343,-356,-347,-334,-492,-492,-906,-870,-2262,-2245,-2082,-1995]} 1. d4 Nf6 2. Nf3 c6 3. h3 d6 4. Bf4 Nbd7 5. e3 g6 6. Be2 Bg7 7. O-O O-O 8. c4 Ne4 {A48: 1 d4 Nf6 2 Nf3 g6: Torre, London and Colle Systems.} 9. Qc2 {[#]} e5 $146 ({Predecessor:} 9... Ndf6 10. Bd3 d5 11. Nbd2 Nxd2 12. Nxd2 Be6 13. c5 Nh5 14. Bh2 f5 15. f4 Bf7 16. Be2 {½-½ (53) Salazar Cabezas,A (1914)-Loaisiga,O (1748) Managua 2019}) 10. Bh2 Ng5 {The position is equal.} 11. Nbd2 Nxf3+ 12. Nxf3 Re8 13. Rfd1 Qe7 14. Rac1 exd4 15. exd4 (15. Nxd4 $11 a5 16. Nf3) 15... Bh6 $1 $15 ({But not} 15... Qxe2 $2 16. Re1 $18) 16. Bd3 Bxc1 17. Qxc1 Qf6 18. Bf4 Nf8 (18... d5 $1 $15) 19. Bg5 $11 Qh8 20. d5 cxd5 21. cxd5 Nd7 22. Bb5 Qg7 23. Bh6 Qf6 24. Rd4 (24. Qc7 $14) 24... a6 25. Rf4 Qe7 $1 26. Bxd7 $1 ({Much weaker is} 26. Qc3 f5 $17) 26... Bxd7 27. Bg5 $1 {[%cal Rg5e7]} Rac8 28. Qa1 $2 (28. Qxc8 $1 $11 {and White has nothing to worry.} Bxc8 29. Bxe7 Rxe7 30. Rf6) 28... Qe2 $19 {Hoping for ...Rc2!} 29. b3 {[#]} (29. Kh2 {is a better defense.}) 29... Rc2 $1 {[%csl LRa2,LRf2]} 30. Bh4 Rb2 ({Better is} 30... Rxa2 $19 31. Qd4 f5) 31. Kh2 $17 Qc2 {aiming for ...Bf5.} 32. Rc4 {[#]} Qb1 $1 {[%cal Rb1a1]} 33. Qxb1 Rxb1 34. Rc7 Bf5 35. Bf6 h6 36. Nd2 (36. Nd4 $17 {might work better.}) 36... Rd1 $19 37. Nc4 Rxd5 38. Rxb7 Be6 39. Ra7 (39. Rb6 $17 {was called for.}) 39... Rd1 40. Nb2 $2 (40. Rxa6 Bxc4 41. bxc4) 40... Rd2 41. Kg3 g5 42. Rxa6 Rc8 43. h4 (43. Nc4 {was necessary.} Bxc4 44. bxc4) 43... gxh4+ {Black is clearly winning.} 44. Kf3 (44. Bxh4 $142 Rxb2 45. Bf6) 44... Rcc2 45. Na4 Rxf2+ {[%mdl 64] Double Attack} 46. Ke3 Rxf6 {Accuracy: White = 50%, Black = 81%.} 0-1

[Event "Chessable Masters by chess24-A"]
[Site "Online"]
[Date "2020.06.19"]
[Round "4.3"]
[White "Grischuk, Alexander"]
[Black "Artemiev, Vladislav"]
[Result "1/2-1/2"]
[WhiteElo "2784"]
[BlackElo "2769"]
[Annotator "TA"]
[PlyCount "91"]
[EventDate "2020.06.20"]
[EventType "tourn"]
[SourceTitle "playchess.com"]
[Source "ChessBase"]
[SourceQuality "1"]

{[%evp 13,91,19,38,0,38,0,0,0,4,4,11,3,17,14,7,0,13,10,11,13,28,15,18,0,0,0,8,-6,0,-2,0,0,0,-5,0,0,0,-19,0,0,0,-16,0,-22,-23,-14,-21,-23,-5,-5,-5,-8,0,0,0,-5,0,0,0,0,0,-2,-2,-2,0,-2,0,0,0,0,8,5,8,8,8,0,0,0,8,8]} 1. d4 d5 2. c4 c6 3. Nf3 Nf6 4. Nc3 e6 5. Bg5 Nbd7 6. e3 Qa5 7. Nd2 Bb4 8. Rc1 {D52: Queen's Gambit Declined: Cambridge Springs Variation.} O-O (8... Ne4 {seems wilder.} 9. Ncxe4 dxe4 10. Bh4 Qxa2 11. Be2 f5) 9. Be2 (9. Bh4 {feels hotter.} e5 10. dxe5 Ne4 11. Ncxe4 dxe4 12. a3) 9... Bxc3 10. bxc3 {[#]} dxc4 $146 ({Predecessor:} 10... b6 11. Bf4 Re8 12. a4 c5 13. O-O cxd4 14. exd4 e5 15. dxe5 Nxe5 16. cxd5 Qxd5 {0-1 (26) Aronian,L (2803)-Mamedyarov,S (2757) Beijing 2013}) 11. Bxf6 $1 Nxf6 12. Nxc4 Qc7 $1 13. O-O b6 14. Bf3 Rd8 15. Qb3 Ba6 16. Rfd1 Rac8 17. Ne5 Bb7 18. c4 c5 19. Bxb7 Qxb7 20. a4 Qc7 21. h3 h6 22. a5 bxa5 23. Qa3 Ne4 24. Qd3 Nf6 {[%cal Be4f6,Bf6d7,Bd7b6,Bb6d5,Bd5b4,Bb4c6][%mdl 32]} 25. Qa3 cxd4 26. exd4 Nd7 27. Nf3 Nb6 28. c5 Nd5 29. Ra1 Nb4 {Hoping for ...Nc2.} 30. Qxa5 Qxa5 31. Rxa5 {The position is equal.} Nc6 32. Ra6 Rc7 33. Rd2 Rd5 34. Kf1 g5 35. Ke2 e5 36. dxe5 Rxc5 37. g3 Kg7 38. Kf1 Rb7 39. Kg2 Rb6 40. Raa2 a5 41. Rd6 Rb7 42. e6 Re7 43. exf7 Rxf7 44. Nd4 Nxd4 45. Rxd4 Ra7 46. h4 {An uneventful encounter. Accuracy: White = 94%, Black = 97%.} 1/2-1/2